000 00830nam a22001577a 4500
999 _c520891
_d520891
008 221026b ||||| |||| 00| 0 eng d
100 _aAdak, R., Pachauri, K.K. and Chaturvedi, R.
_935589
245 _aIndigenous bioresources of NER
260 _aYojana
300 _a66(10), Oct, 2022: p.33-36
520 _a The northeastern region (NER) of Indian comprising of eight states (Assam, Arunachal Pradesh, Manipur, Meghalaya, Mizoram, Nagaland, Tripura, and Sikkim) is blessed with smoky mountains, rivers, waterfalls, evergreen forests valuable natural flora and founa that should be protected, explored and used sustainably. – Reproduced
650 _aNortheastern region, NER, Smoky mountains, Rivers, Waterfalls, Evergreen forests, Forests
_935590
773 _aYojana
906 _aBIODIVERSITY
942 _cAR